000 00596nam a2200241 a 4500
001 nice12345678
003 IN_TiNIC
005 20260116012936.0
008 050524s1963 newa grp 000 0 eng
020 _a
_c196
082 0 0 _a230
_bJEN
100 _aJenson, Robert W
245 _aAlpha and Omega
_b Study in the Theology of Karl Barth
260 _aNew York
_bThomas Nelson & Sons
_c1963
300 _a175p
500 _aincludes index and biblioraphy
505 2 _aIndex
650 _aMissions
700 1 _aJenson, Robert W
902 _bSRS
942 _cBK
999 _c8988
_d8988